<?xml version="1.0" encoding="UTF-8"?>
<collection xmlns:xsi="http://www.w3.org/2001/XMLSchema-instance" xsi:schemaLocation="http://www.loc.gov/MARC21/slim http://www.loc.gov/standards/marcxml/schema/MARC21slim.xsd" xmlns="http://www.loc.gov/MARC21/slim">
 <record>
  <leader>00000cmm a22000004a 4500</leader>
  <controlfield tag="001">UP-99796217611058095</controlfield>
  <controlfield tag="003">Buklod</controlfield>
  <controlfield tag="005">20250123100234.0</controlfield>
  <controlfield tag="006">m    go  j        </controlfield>
  <controlfield tag="007">cr |nu|||auu|a</controlfield>
  <controlfield tag="008">250123s2011    gw     do  j             </controlfield>
  <datafield tag="020" ind1=" " ind2=" ">
   <subfield code="a">978-3-642-19650-8 (eBook)</subfield>
  </datafield>
  <datafield tag="035" ind1=" " ind2=" ">
   <subfield code="a">(iLib)UPD-00210204892</subfield>
  </datafield>
  <datafield tag="040" ind1=" " ind2=" ">
   <subfield code="a">DLC</subfield>
   <subfield code="d">DMLR</subfield>
   <subfield code="e">rda</subfield>
  </datafield>
  <datafield tag="041" ind1=" " ind2=" ">
   <subfield code="a">eng</subfield>
  </datafield>
  <datafield tag="042" ind1=" " ind2=" ">
   <subfield code="a">DMLUC</subfield>
  </datafield>
  <datafield tag="084" ind1=" " ind2=" ">
   <subfield code="a">K 1176 A42008</subfield>
   <subfield code="b">U55 2011eb</subfield>
  </datafield>
  <datafield tag="245" ind1="0" ind2="4">
   <subfield code="a">The United Nations convention on contracts for the International Carriage of Goods Wholly or Partly by Sea</subfield>
   <subfield code="b">an appraisal of the &quot;Rotterdam Rules&quot;</subfield>
   <subfield code="h">[electronic resource]</subfield>
   <subfield code="c">Meltem Deniz Güner-Özbek, editor.</subfield>
  </datafield>
  <datafield tag="264" ind1=" " ind2="1">
   <subfield code="a">Heidelberg, Germany</subfield>
   <subfield code="b">Springer Berlin</subfield>
   <subfield code="c">2011</subfield>
  </datafield>
  <datafield tag="300" ind1=" " ind2=" ">
   <subfield code="a">1 online resource (x, 289 pages).</subfield>
  </datafield>
  <datafield tag="336" ind1=" " ind2=" ">
   <subfield code="a">text</subfield>
   <subfield code="2">rdacontent</subfield>
  </datafield>
  <datafield tag="337" ind1=" " ind2=" ">
   <subfield code="a">computer</subfield>
   <subfield code="2">rdamedia</subfield>
  </datafield>
  <datafield tag="338" ind1=" " ind2=" ">
   <subfield code="a">online resource</subfield>
   <subfield code="2">rdacarrier</subfield>
  </datafield>
  <datafield tag="505" ind1="0" ind2=" ">
   <subfield code="a">Preface--1 The history of the Rotterdam rules--2 General principles of transport law and the Rotterdam rules--3 The scope of application of the Rotterdam rules and freedom of contract--4 Extended scope of the Rotterdam rules: maritime plus and conflict of the extension with the extensions of other transport law convention--5 Rotterdam rules - Liabilities and obligations of the carrier--6 Construction problems in the Rotterdam rules regarding the identity of the carrier--7 Compensation for damage--8 Obligations and liabilities of the shipper--9 Transport documents in the light of the Rotterdam rules--10 Jurisdiction and arbitration under Rotterdam rules</subfield>
  </datafield>
  <datafield tag="506" ind1=" " ind2=" ">
   <subfield code="a">IP-based subscription, access limited to within on campus computer network.</subfield>
   <subfield code="c">Access via Electronic resources of the UPD University Library Website</subfield>
  </datafield>
  <datafield tag="520" ind1=" " ind2=" ">
   <subfield code="a">The international carriage of goods by sea has been regulated by international conventions. These include  the 'International Convention for the Unification of Certain Rules of Law relating to Bills of Lading' ('Hague Rules'); the ?Protocol to Amend the International Convention for the Unification of Certain Rules of Law Relating to Bills of Lading? ('Visby Rules'); and the 'UN Convention on the Carriage of Goods by Sea.' They were adopted in 1924, 1968 and 1978 respectively and the transport industry's commercial needs have since substantially changed. Furthermore the advent of subsequent regimes has resulted in the uniformity in the carriage of goods by sea once provided by the Hague Rules being lost. In order to update and modernize existing regimes the 'UN Convention  on Contracts for the International Carriage of Goods Wholly or Partly by Sea' ('Rotterdam Rules') was adopted on December 11, 2008 by the UN General Assembly and opened for signature on September 23, 2009. Since then drafters of the Rotterdam Rules, academics and practitioners have been publicizing, discussing, and evaluating the Rules. This book is an effort to further explore those same goals</subfield>
  </datafield>
  <datafield tag="533" ind1=" " ind2=" ">
   <subfield code="a">Electronic reproduction.</subfield>
   <subfield code="b">New York</subfield>
   <subfield code="c">Springerlink</subfield>
   <subfield code="d">©2011.</subfield>
   <subfield code="n">Available via World Wide Web through SpringerLink</subfield>
  </datafield>
  <datafield tag="630" ind1="0" ind2="0">
   <subfield code="a">Rotterdam Rules</subfield>
   <subfield code="d">(2008 December 11).</subfield>
  </datafield>
  <datafield tag="650" ind1=" " ind2="0">
   <subfield code="a">Freight and freightage.</subfield>
  </datafield>
  <datafield tag="650" ind1=" " ind2="0">
   <subfield code="a">Carriers</subfield>
   <subfield code="x">Law and legislation.</subfield>
  </datafield>
  <datafield tag="650" ind1=" " ind2="0">
   <subfield code="a">Contracts, Maritime.</subfield>
  </datafield>
  <datafield tag="650" ind1=" " ind2="0">
   <subfield code="a">Delivery of goods (Law)</subfield>
  </datafield>
  <datafield tag="700" ind1="1" ind2=" ">
   <subfield code="a">Güner-Özbek, Meltem Deniz</subfield>
   <subfield code="e">editor.</subfield>
  </datafield>
  <datafield tag="710" ind1="2" ind2=" ">
   <subfield code="a">SpringerLink (Online Service).</subfield>
  </datafield>
  <datafield tag="842" ind1=" " ind2=" ">
   <subfield code="a">Electronic Resource</subfield>
  </datafield>
  <datafield tag="856" ind1="4" ind2="0">
   <subfield code="y">Available for UP System via Springer Link.</subfield>
   <subfield code="u">https://doi.org/10.1007/978-3-642-19650-8</subfield>
  </datafield>
  <datafield tag="905" ind1=" " ind2=" ">
   <subfield code="a">FO</subfield>
  </datafield>
  <datafield tag="852" ind1="0" ind2=" ">
   <subfield code="a">UPD</subfield>
   <subfield code="b">DMLR</subfield>
   <subfield code="h">K 1176 A42008</subfield>
   <subfield code="i">U55 2011eb</subfield>
  </datafield>
  <datafield tag="942" ind1=" " ind2=" ">
   <subfield code="a">Electronic Resource</subfield>
  </datafield>
 </record>
</collection>
